[Event "GER-chT School WK H+R"]
[Site "Playchess.com INT"]
[Date "2020.06.10"]
[Round "3.4"]
[White "Moeller, Finn"]
[Black "Bloetscher, Joshua"]
[Result "0-1"]
[WhiteElo "1493"]
[BlackElo "1620"]
[PlyCount "48"]
[EventDate "2020.06.10"]
[EventType "team-swiss (blitz)"]
[EventRounds "7"]
[EventCountry "GER"]
[SourceTitle "EXT 2021"]
[Source "ChessBase"]
[SourceDate "2020.10.23"]
[SourceVersion "1"]
[SourceVersionDate "2020.10.23"]
[SourceQuality "1"]
[WhiteTeam "Ahlen Fritz"]
[BlackTeam "Bad Krozingen Max Planck"]
[WhiteTeamCountry "GER"]
[BlackTeamCountry "GER"]

1. e4 e5 2. Nf3 Nc6 3. d4 exd4 4. Nxd4 Nxd4 5. Qxd4 Qf6 6. Qxf6 Nxf6 7. Nc3 a6 8. Bc4 Bd6 9. 0-0 0-0 10. f4 b5 11. Bd3 Bb7 12. e5 Bc5+ 13. Kh1 Ne8 14. Be4 Bxe4 15. Nxe4 d6 16. exd6 cxd6 17. Rd1 Rd8 18. Nxc5 Nf6 19. Nd3 Rd7 20. Bd2 Ne4 21. Be3 Re8 22. Bg1 Re6 23. f5 Rh6 24. Re1 Ng3# 0-1